000 00306nam a2200121 a 4500
005 20140414131857.0
008 100914s19uu xx 00 eng d
050 _aFIL
_bL72 2005
100 _aSantos, Marivic
245 _aLittle bells.
260 _aManila, Philippines :
_bJo-Es,
_c2005.
999 _c110525
_d110525